000
00340nam a2200133Ia 4500
008
230818s1967 xx 000 0 und d
041
_a
eng
100
_a
Manger
245
_a
Language E.T. Civilisation Frangaises
260
_b
Librairic Hachette
_c
1967
300
_a
245p
520
_a
General | Hard Board
999
_c
853735
_d
853735
650
_a
Language (French)